000 00607nam a2200229Ia 4500
003 OSt
005 20221007071912.0
006 a|||||r|||| 00| 0
007 ta
008 221006b |||||||| |||| 00| 0 eng d
024 _a25,312
037 _cTextual
040 _aFLL
_cFLL
_beng
041 _2eng
_aeng
082 _aZ3:92, G5
100 _aUllmann Henri Levy
_9689650
245 0 _aEnglish legal tradition
260 _aLondon
_bMacmillan And Co. Limited UK
_c1935
300 _alvi,383p
_ccm.
942 _hZ3:92, G5
_cTEXL
_2CC
999 _c1144625
_d1144625